A practical guide to transportation and logistics

Furkejuvvon:
Bibliográfalaš dieđut
Váldodahkki: Stroh, Michael B (Dahkki)
Materiálatiipa: Girji
Giella:eaŋgalasgiella
Almmustuhtton: Logistics Network 2006
Preanttus:3a. ed
Ráidu:Business Logistics
Fáttát:
Fáddágilkorat: Lasit fáddágilkoriid
Eai fáddágilkorat, Lasit vuosttaš fáddágilkora!

MARC

LEADER 00000cam a2200000 a 4500
001 UCF2752
003 CL-VaPUC
008 120910e20060000US |||||||||||||||||eng|d
020 |a 0970811519 
082 0 4 |a 658.788  |b STR  |2 21 
100 0 |a Stroh, Michael B  |e author  |9 564541 
245 1 2 |a A practical guide to transportation and logistics 
250 |a 3a. ed 
300 |a 284 p 
942 |c BK 
945 |d 20120910 00:00:00  |a cmena 
260 |b Logistics Network  |c 2006 
650 7 |a LOGISTICA  |2 CL-VaPUC  |9 485423 
650 0 |a Logística empresarial  |9 521168 
650 0 |a Medios de transporte  |9 260938 
650 7 |a TRANSPORTE DE MERCANCIA  |2 CL-VaPUC  |9 543847 
650 0 |a Planificación estratégica   |9 259735 
583 |a last modification  |c 20120910 11:39:00  |k Rodrigo Vera 
490 0 |a Business Logistics 
999 |c 349291  |d 349289 
952 |0 0  |1 0  |4 0  |6 658_788000000000000_STR_2006  |7 0  |8 A  |9 451864  |a BIBING  |b BIBING  |d 2019-11-22  |i 4901665  |o 658.788 STR 2006  |p 4901665  |r 2025-01-20  |w 2019-11-22  |y BK  |k EII